000 00575nam a2200169 4500
001 127196
003 ES-MaACL
005 20230906192948.0
007 t|
008 070214s1967 sp r ||||1| spa d
100 1 _aRice, David Talbot.
_996887
245 1 3 _aLa Alta Edad Media
_b: hacia la formación de Europa /
_cDavid Talbot Rice ; traducción Mireia Bofill.
260 _aBarcelona [etc.] :
_bLabor,
_c1967.
300 _a360 p., 80 lám. :
_bil. ;
_c35 cm +
_e3 lám. pleg., 1 map. pleg.
700 1 _aBofill, Mireia.
_929779
852 _aES-MaACL
_jC-33916
_bR.64306
999 _c127196
_d127196